000 00995nac a22003137a 4500
001 BR8103739
003 BR-BrBNA
005 20240105115013.0
008 230509b bl.|||m| |||| 00| 0 por d
040 _aBR-BrBNA
_bpor
_cBiblioteca Nacional de Agricultura
072 _aC00; F10
090 _aC00 BR8103739
100 1 _aOlinger, G.
110 1 _aEmpresa Brasileira de Assistencia Tecnica e Extensao Rural, Brasilia, DF
_93797
245 1 _aExtensao rural e sistema de convivencia com a seca no nordeste [Clima; Chuva; Acude; Brasil]
260 3 _aBrasilia, DF (Brasil):
_c1982.
300 _a12 p.
490 _aEstudos Diversos - Empresa Brasileira de Assistencia Tecnica e Extensao Rural (Brazil)
_vno. 14
_x
650 _aExtensao rural
650 _aClimatologia
650 _aSeca
650 _aClima
650 _aChuva
650 _aAcude
650 _aIrrigacao
650 _aNordeste
909 _a202312
_bLúcia Elande
_c55
_dLúcia Elande
942 _2AGRIS
_n0
_cMS
999 _c272500
_d272500